000 01155nam a2200337 i 4500
001 8203
003 KOSZ 005
005 20220113081816.0
008 071030s1966 pl a f 001 0 pol
015 _aPB 1966/8405
040 _aWA N
_cWA N
_dKOSZ 005/RW
_dKOSZ 005/HR
080 _a621.31
080 _a696.6
080 _a699.8
100 1 _aŚwierżewski, Michał
_eAutor
245 1 0 _aInstalacje elektryczne w obiektach zagrożonych wybuchem :
_bprojektowanie /
_cMichał Świerżewski.
260 _aWarszawa :
_bWydawnictwa Naukowo-Techniczne,
_c1966.
300 _a211, [1] s. :
_bil. ;
_c23 cm.
380 _aKsiążki
504 _aBibliogr. s. 207-[208]. Indeks.
521 8 _aDla techników i inżynierów.
650 4 _aInstalacje elektryczne
650 4 _aBezpieczeństwo
650 4 _aWybuch
650 4 _aZapobieganie
658 _aInżynieria i technika
658 _aArchitektura i budownictwo
710 2 _aWydawnictwa Naukowo-Techniczne
_4pbl.
856 _uhttp://koha.tu.koszalin.pl/cgi-bin/koha/opac-detail.pl?biblionumber=8203
_yKatalog online BPK
942 _2UKD
_cKS
999 _c8203
_d8203